Bandeiras do Mundo por Definição - Statistics

Estatísticas Gerais
  • Esse quiz foi jogado 325 vezes
  • A pontuação média é 11 de 20
Estatísticas das Respostas
Hint Resposta % Correto
Bandeira azul-clara com um círculo amarelo. Palau
100%
Três listras horizontais, amarela, azul e vermelho; a amarela é mais grossa. Colômbia
93%
Três listras verticais, verde, branca e laranja. Irlanda
93%
Duas listras verticais, branca e vermelha. Em cima, na esquerda, uma cruz branca contornada em vermelho. Malta
92%
Bandeira vermelha com uma pequena cruz branca no centro. Suíça
92%
Bandeira azul-clara com uma estrela branca no centro. Somália
90%
Bandeira branca com uma cruz vermelha no meio. Em cada quadrante, uma cruz vermelha menor. Geórgia
89%
Bandeira branca com um círculo vermelho. Japão
89%
Duas listras horizontais, azul e amarela. Ucrânia
89%
Bandeira dividida na diagonal, amarela e laranja. No centro um dragão branco. Butão
86%
Três listras horizontais, vermelha, branca e preta. No centro, a frase "Deus é grande" em árabe, em verde. Iraque
85%
Catorze listras horizontais, vermelhas e brancas. Em cima, na esquerda, um retângulo azul com uma lua e uma estrela amarelos. Malásia
85%
Bandeira vermelha com um retângulo azul no canto de cima, à esquerda. Neste retângulo, a constelação Cruzeiro do Sul em branco. Samoa
85%
Bandeira azul-escuro com a constelação Cruzeiro do Sul na direita, com a cor branca. Na esquerda uma estrela branca de 7 pontas e a bandeira do Reino Unido acima desta estrela. Austrália
84%
Três listras verticais, azul, branca e vermelha. França
83%
Bandeira verde com uma espada branca e a frase "Não há Deus senão Alá, e Maomé é o seu mensageiro" em árabe, acima da espada e também branca. Arábia Saudita
82%
Bandeira vermelha com quatro estrelas amarelas no canto de cima, da esquerda. Elas estão na direita de uma estrela maior também amarela. China
82%
Onze listras horizontais, vermelhas e brancas. Em cima, na esquerda, um quadrado azul com uma estrela branca. Libéria
82%
Três listras horizontais, vermelha, branca e azul-clara. Luxemburgo
82%
Bandeira vermelha com o brasão de um pássaro bicéfalo em preto. Albânia
81%
Bandeira branca com a frase "Não há Deus senão Alá, e Maomé é o seu mensageiro" em árabe e na cor preta. Afeganistão
80%
Três listras horizontais, sendo a do meio branca e as demais azuis-claras. No centro um sol com rosto. Argentina
80%
Três listras verticais, sendo a do meio branca e mais grossa que as demais, que são vermelhas. No centro, uma folha de bordo vermelha. Canadá
80%
Três listras verticais, verde, branca e vermelha. No centro uma águia. México
80%
Três listras horizontais, vermelha, branca e preta. No centro, duas estrelas verdes Síria
80%
Três listras horizontais, verde, preta e amarela, divididas por linhas brancas. Na esquerda um triângulo vermelho, uma estrela amarela e uma foice cruzada com uma AK-47. Moçambique
79%
Bandeira verde-escura com uma listra vertical branca na esquerda. No centro, uma lua e uma estrela brancas. Paquistão
79%
Bandeira vermelha com uma faixa diagonal preta contornada em branco. Trinidad e Tobago
79%
Bandeira verde, com um losango amarelo no meio. No centro, um círculo azul que carrega 26 estrelas brancas e uma faixa branca com a escrita "Ordem e Progresso" em verde. Brasil
77%
Três listras horizontais, laranja, branca e verde. No centro um brasão circular azul. Índia
77%
Duas listras horizontais, vermelha e branca. Indonésia
77%
Três listras verticais, verde, branca e vermelha. Itália
76%
Bandeira verde com um círculo vermelho na esquerda. Bangladesh
75%
Três listras verticais, azul-escura, amarela e vermelha. Chade
75%
Bandeira branca com a fronteira do próprio país em laranja e folhas verdes abaixo. Chipre
75%
Treze listras horizontais, vermelhas e brancas. No canto de cima, à esquerda, um retângulo azul com 50 estrelas brancas dentro. Estados Unidos
75%
Três listras horizontais, azul, preta, e branca. Estônia
75%
Duas listras horizontais, azul-escura e vermelha. No centro, um quadrado branco com o brasão dentro. Haiti
75%
Bandeira vermelha com um mar azul e branco embaixo, um sol e um pássaro amarelos em cima. Kiribati
75%
Três listras verticais, sendo a do meio branca e as demais verdes Nigéria
75%
Três listras horizontais, branca, azul e vermelha. Rússia
75%
Bandeira azul-clara com nove estrelas amarelas na direita. No canto de cima, à esquerda, a bandeira do Reino Unido. Tuvalu
75%
Bandeira vermelha com um sol amarelo no centro. Saindo do sol, oito raios de sol que vão até os cantos diagonais, horizontais e verticais. Macedônia
74%
Três listras verticais, laranja, branca e verde. Costa do Marfim
73%
Bandeira branca com uma cruz azul. Finlândia
73%
Três listras horizontais, vermelha, branca e preta. No centro uma águia dourada. Egito
72%
Três listras horizontais, sendo a do meio branca e as demais azuis. No centro um brasão com a frase "Deus, união e liberdade" em espanhol. El Salvador
72%
Duas listras horizontais, vermelha e verde. No centro uma estrela amarela. Burkina Faso
71%
Três listras verticais, sendo a do meio branca e as demais azuis-claras. No centro um pergaminho rodeado de folhas. Guatemala
71%
Duas listras horizontais, vermelha e azul-escura. Em cima, na esquerda, uma coroa amarela. Liechtenstein
71%
Bandeira vermelha com um retângulo verde no centro. Também no centro uma lua branca. Maldivas
71%
Bandeira preta e vermelha dividida diagonalmente. Embaixo, na esquerda, um cruzeiro do sul branco. Em cima, na direita, uma pequena ave amarela. Papua Nova Guiné
71%
Duas listras horizontais, branca e vermelha. Polônia
71%
Bandeira vermelha com uma lua e uma estrela brancas no centro. Turquia
71%
Bandeira azul-clara com um triângulo isósceles no meio, em preto e amarelo, e contornado em branco. Santa Lúcia
70%
Bandeira verde com três listras verticais no canto de baixo, à direita, vermelha, preta e laranja. Acima, uma ave laranja. Zâmbia
70%
Triângulo preto no canto da esquerda, com borda amarela. Uma borda verde contorna a borda amarela e puxa uma linha no centro da bandeira que vai até o lado direito, formando um "Y" deitado. O contorno externo da parte verde é branco.O espaço restante na parte de cima da bandeira é vermelho, enquanto o espaço da parte de baixo é azul. África do Sul
69%
Três listras horizontais, amarela, vermelha e azul; a amarela é mais grossa. No centro um brasão com uma águia em cima. Equador
69%
Bandeira azul-clara com quatro estrelas brancas no centro. Estados Federados da Micronésia
69%
Bandeira azul-clara, na direita um brasão branco com uma cruz vermelha. No canto de cima, à esquerda, a bandeira do Reino Unido. Fiji
69%
Três listras horizontais, sendo a do meio branca e mais fina, e as demais vermelhas. Letônia
69%
Três listras horizontais, vermelha, branca e azul. Países Baixos
69%
Três listras horizontais, azul-clara, amarela e verde, sendo a azul mais grossa. Em cima, na direita, um sol amarelo. Ruanda
69%
Duas listras horizontais, vermelha e branca. No canto de cima, à esquerda, uma lua e cinco estrelas brancas. Singapura
69%
Seis listras horizontais, pretas, amarelas e vermelhas. No centro, um círculo branco com um pássaro dentro. Uganda
69%
Três listras verticais, azul-escura, amarela e vermelha. Romênia
68%
Bandeira dividida em branco e vermelho verticalmente, por um zigzag. Bahrein
67%
Cinco listras horizontais, sendo a do meio vermelha e mais grossa que as demais, as que a contornam brancas e as das bordas azuis. Costa Rica
67%
Três listras horizontais, sendo a do meio amarela e mais grossa, e as demais vermelhas. No centro, perto da esquerda, um brasão. Espanha
67%
Três listras horizontais, verde, amarela e azul. Gabão
67%
Três listras horizontais, vermelha, amarela e verde. No centro uma estrela preta. Gana
67%
Três listras horizontais, sendo a do meio branca e as demais azuis-claras. No centro, cinco estrelas azuis-claras. Honduras
67%
Três listras horizontais, vermelha, branca e verde. Hungria
67%
Bandeira azul-escura com uma cruz vermelha contornada em branco. Islândia
67%
Três listras horizontais, vermelha, preta e verde. A preta é mais grossa. No centro, uma lua e uma estrela brancas. Líbia
67%
Três listras horizontais, preta, vermelha e verde. Em cima, metade de um sol vermelho. Malawi
67%
Três listras horizontais, azuis nas bordas e branca no meio, esta mais grossa. No centro uma estrela de 6 pontas em azul. Israel
65%
Três listras horizontais, vermelha, branca e preta. Iêmen
64%
Bandeira azul-escura dividida ao meio por uma listra horizontal amarela. Embaixo, na esquerda, uma estrela branca. Nauru
64%
Bandeira vermelha com uma cruz azul, contornada em branco. Noruega
64%
Três listras verticais, azul-escura, amarela e verde, sendo a amarela mais grossa. No centro, três losangos verdes. São Vicente e Granadinas
64%
Bandeira vermelha com um círculo branco no meio. No círculo, uma lua e estrela vermelhas. Tunísia
64%
Nove listras horizontais, brancas e azuis. No canto de cima, à esquerda, um quadrado branco com um sol amarelo. Uruguai
64%
Duas listras verticais, amarela e branca. Na direita, uma árvore branca e vermelha. Vaticano
64%
Duas listras verticais, verde e branca. No centro uma lua e uma estrela vermelhas. Argélia
63%
Três listras verticais, sendo a do meio branca e as demais vermelhas. Peru
63%
Quatro listras horizontais, azul, branca, verde e amarela. No centro, uma listra vertical vermelha. No canto de cima, à esquerda, uma estrela amarela. República Centro-Africana
63%
Bandeira verde e azul dividida diagonalmente por uma listra preta contornada em amarelo. Tanzânia
63%
Três listras horizontais, preta, vermelha e amarela. Alemanha
62%
Três listras horizontais, amarela, verde-clara e vermelha. No centro uma estrela branca. Birmânia
62%
Bandeira de formato irregular vermelha com borda azul. Na parte de cima uma lua e uma estrela brancas, e na parte de baixo uma estrela branca. Nepal
62%
Bandeira branca com os quadrantes de baixo, na esquerda, e de cima, na direita, vermelhos, e os demais azuis. No centro, um brasão com um escudo e folhas ao redor. República Dominicana
62%
Bandeira azul com uma cruz amarela. Suécia
62%
Duas listras horizontais, branca e azul-clara. No centro, um brasão amarelo com folhas em volta. San Marino
61%
Duas listras horizontais, vermelha e preta. No centro uma roda dentada, uma katana e uma estrela, todos em amarelo. Angola
60%
Três listras verticais, sendo a do meio amarela e as demais azuis. No centro um tridente preto. Barbados
60%
Bandeira amarela com duas listras diagonais, branca e preta. No centro um brasão vermelho. Brunei
60%
Três listras horizontais, branca, verde e vermelha. Bulgária
60%
Bandeira dividida em branco e bordô verticalmente, por um zigzag. Catar
60%
Bandeira vermelha com uma cruz branca. Dinamarca
60%
Três listras horizontais, verde, amarela e vermelha. No centro, um círculo azul com uma estrela amarela dentro. Etiópia
60%
Três listras verticais, verde-clara, amarela e vermelha. Mali
60%
Bandeira azul-escuro com a constelação Cruzeiro do Sul na direita, com a cor vermelha. Na esquerda, em cima, a bandeira do Reino Unido. Nova Zelândia
60%
Três listras horizontais, vermelha, branca e preta. Na esquerda, um triângulo verde. Sudão
60%
Bandeira azul com a fronteira do próprio país em amarelo. Acima, seis estrelas brancas. Kosovo
59%
Cinco listras horizontais, sendo a do meio azul e mais grossa que as demais, as que a contornam brancas e as das bordas vermelhas. Tailândia
59%
Três listras horizontais, azul-clara, vermelha e verde. No centro uma lua e uma estrela brancas. Azerbaijão
58%
Três listras verticais, preta, amarela e vermelha. Bélgica
58%
Duas listras horizontais, branca e vermelha. No canto de cima, na esquerda, um quadrado azul com uma estrela branca. Chile
58%
Bandeira verde com uma cruz amarela, preta e branca. No centro, um escudo vermelho com um pássaro verde e roxo e estrelas verdes. Dominica
58%
Na esquerda, um triângulo vermelho, cuja ponta atinge o lado direito da bandeira. Na parte restante de cima, verde, na de baixo, azul. Na esquerda um brasão com desenho de planta amarelo. Eritreia
58%
Três listras horizontais, branca, azul e vermelha. No centro, perto da esquerda, um brasão com uma cruz dupla branca em uma colina azul. Eslováquia
58%
Bandeira vermelha com uma estrela verde no centro. Marrocos
58%
Três listras horizontais, laranja, branca e verde. No centro um círculo laranja. Níger
58%
Três listras horizontais, verde, branca e azul. Serra Leoa
58%
Três listras horizontais, vermelha, azul e branca. No centro, à esquerda, um brasão vermelho com uma águia branca usando uma coroa amarela. Sérvia
58%
Bandeira vermelha com um quadrado azul no canto de cima, à esquerda. No quadrado, um sol branco. Taiwan
58%
Bandeira vermelha com um quadrado branco no canto de cima, à esquerda. Dentro do quadrado, uma cruz vermelha. Tonga
58%
Três listras verticais, verde, vermelha e amarela. No centro uma estrela amarela. Camarões
57%
Duas listras horizontais, amarela e verde. Na esquerda, uma listra vertical vermelha com uma estrela preta dentro. Guiné-Bissau
57%
Bandeira azul-escura com duas cruzes vermelhas, uma na diagonal e a outra na vertical e horizontal, contornadas em branco. Reino Unido
57%
Duas listras horizontais, branca e vermelha. Na esquerda, um triângulo azul. República Tcheca
57%
Bandeira vermelha com uma estrela amarela. Vietnã
57%
Duas listras horizontais, vermelha e verde. A vermelha é mais grossa. Na esquerda uma faixa branca e vermelha. Bielorrússia
56%
Três listras horizontais, preta, branca e verde. Na esquerda, um triângulo vermelho com uma estrela branca Jordânia
56%
Duas listras horizontais, laranja e verde. Na esquerda, uma listra vertical branca. Madagascar
56%
Três listras horizontais, sendo a do meio azul-escura e as demais vermelhas, estas mais finas que a do meio. No centro um brasão com dois homens, uma árvore e um círculo de folhas em volta. Belize
55%
Três listras horizontais, sendo a do meio branca e mais grossa, e as demais vermelhas. No centro, uma árvore verde. Líbano
55%
Três listras horizontais, amarela, verde e vermelha. Lituânia
55%
Bandeira branca com o quadrante de baixo, na esquerda, azul, e o quadrante de cima, na direita, vermelho. Em cima, na esquerda, uma estrela azul, e embaixo, na direita, uma estrela vermelha. Panamá
55%
Cinco listras irregulares, azul, amarela, vermelha, branca e verde. Seychelles
55%
Três listras horizontais, azul, branca e verde. No canto de cima, à esquerda, uma lua e doze estrelas brancas. Uzbequistão
55%
Bandeira azul e verde dividida na diagonal por uma listra amarela. Em cima, na esquerda, cinco estrelas brancas. Ilhas Salomão
54%
Duas listras horizontais, vermelha e branca. Mônaco
54%
Três listras horizontais, amarela, azul e vermelha. No centro, oito estrelas brancas. Venezuela
54%
Três listras verticais, azul, amarela e vermelha. No centro um escudo com as cores vermelho e amarelo. Andorra
53%
Três listras horizontais, sendo a do meio vermelha e mais grossa que as demais, que são azuis. No centro um castelo branco. Camboja
53%
Três listras horizontais, azul, branca e verde. No centro, um chapéu negro em preto. Lesoto
53%
Bandeira vermelha com borda dourada. No centro uma águia bicéfala dourada. Montenegro
53%
Bandeira vermelha com um sol amarelo no centro. Quirguistão
53%
Três listras horizontais, sendo a do meio branca e as demais vermelhas. Áustria
50%
Quatro triângulos paralelos, os de cima e baixo vermelhos e os da esquerda e direita verdes. Todos os triângulos divididos por faixas brancas. No centro um círculo branco com três estrelas vermelhas. Burundi
50%
Quatro triângulos paralelos, os de cima e baixo verdes e os da esquerda e direita pretos. Duas faixas diagonais amarelas. Jamaica
50%
Três listras horizontais, sendo a do meio azul-escura e mais grossa, e as demais vermelhas. No centro um círculo branco. Laos
50%
Quatro listras horizontais, vermelha, azul, amarela e verde. Maurício
50%
Três listras horizontais, branca, laranja e verde. Na esquerda, uma listra vertical laranja com um brasão de armas branco. Omã
50%
Bandeira verde e vermelha dividida diagonalmente por uma listra diagonal amarela. República do Congo
50%
Três listras horizontais, preta, vermelha e verde, divididas por linhas brancas. Na esquerda, um triângulo azul com uma estrela amarela. Sudão do Sul
50%
Bandeira vermelha com uma triângulo preto na esquerda, dentro de um triângulo amarelo. Dentro do triângulo preto, uma estrela branca. Timor-Leste
50%
Duas listras horizontais, vermelha e verde. Na esquerda, um triângulo preto que puxa uma linha até a direita da bandeira, no centro. Uma linha amarela contorna o que está em preto. Dentro do triângulo, um brasão amarelo. Vanuatu
50%
Bandeira azul-escura com uma listra horizontal vermelha revestida por listras horizontais brancas, um pouco abaixo do meio. No começo da faixa um círculo de estrelas amarelas. Cabo Verde
47%
Três listras horizontais, vermelha, azul e verde. Todas elas divididas por linhas brancas. Gâmbia
46%
Bandeira azul-escura com duas listras diagonais, branca e laranja. Em cima, na esquerda, uma estrela branca. Ilhas Marshall
46%
Cinco listras horizontais, sendo a do meio vermelha e mais grossa, as que a contornam brancas e mais finas e as demais verdes. No centro, uma estrela amarela. Suriname
46%
Nove listras horizontais, azuis e brancas. No canto de cima, à esquerda, um quadrado azul com uma cruz branca. Grécia
45%
Três listras verticais, vermelha, amarela e verde. Guiné
45%
Duas listras horizontais, amarela e vermelha, e uma listra horizontal verde na esquerda. Benim
44%
Três listras horizontais, vermelha, branca e azul. No centro um escudo xadrez vermelho e branco. Croácia
44%
Três listras horizontais, verde, branca e preta. Na esquerda, uma listra vertical vermelha. Emirados Árabes Unidos
44%
Duas listras horizontais, azul e vermelha. Na esquerda, um triângulo branco com uma estrela amarela dentro. Filipinas
44%
Quatro listras horizontais, amarela, branca, vermelha e azul. Na esquerda, um triângulo verde com uma lua e quatro estrelas dentro. Comores
43%
Bandeira azul-clara com um sol e uma faixa amarelos no centro. Na esquerda, uma faixa amarela e azul-clara. Cazaquistão
42%
Três listras horizontais, sendo a do meio verde e mais grossa, e as demais vermelhas. No centro uma lua minguante abaixo de uma estrela amarelas. Mauritânia
42%
Duas listras verticais na esquerda da bandeira, verde e laranja. Na direita, um quadrado bordô com um leão amarelo dentro, segurando uma espada, em amarelo. Em volta da bandeira, uma borda amarela. Sri Lanka
42%
Sete listras horizontais, verdes, amarelas, vermelhas e preta. Na esquerda, um triângulo branco com uma estrela vermelha e uma estátua amarela. Zimbábue
42%
Três listras horizontais, sendo a do meio amarela e as demais azuis. No canto esquerdo um triângulo preto. Bahamas
40%
Três listras horizontais, vermelha, amarela e verde. Bolívia
40%
Duas listras horizontais, azul-clara e verde. Na esquerda, um triângulo branco com uma estrela vermelha. Djibouti
40%
Três listras verticais, azul, amarela e vermelha. No centro um brasão com uma águia e um escudo. Moldávia
40%
Bandeira azul-clara com uma listra diagonal vermelha, contornada em amarelo. No canto de cima, à esquerda, uma estrela amarela. República Democrática do Congo
40%
Três listras verticais, verde, amarela e vermelha. No centro, uma estrela verde. Senegal
40%
Três listras horizontais, vermelha, branca e verde. No centro, uma coroa amarela. Tajiquistão
40%
Bandeira azul e verde dividida diagonalmente por uma listra vermelha, contornada em branco. Na esquerda, em cima, uma estrela amarela. Namíbia
38%
Três listras horizontais, sendo a do meio branca e as demais azuis-claras. No centro, um triângulo verde e azul, rodeado por uma circunferência amarela. Nicarágua
38%
Cinco listras horizontais, verdes e amarelas. No canto de cima, à esquerda, um quadrado vermelho com uma estrela branca. Togo
38%
Cinco listras horizontais, sendo a do meio preta, as que contornam a preta são brancas e mais finas, e as das bordas azuis-claras e mais grossas que as demais. Botsuana
36%
Bandeira branca com um círculo vermelho e azul no centro. Em volta do círculo, 4 conjuntos de linhas pretas, algumas cortadas no meio. Coreia do Sul
36%
Três listras horizontais, vermelha, branca e azul. No centro, um brasão circular. Paraguai
36%
Bandeira verde e vermelha dividida diagonalmente por uma listra preta contornada em amarelo. Dentro da listra, duas estrelas brancas. São Cristóvão e Nevis
36%
Bandeira verde e vermelha dividida verticalmente. No centro, à esquerda, um brasão amarelo com um escudo vermelho e azul. Portugal
35%
Três listras horizontais, vermelha, azul e laranja. Armênia
33%
Quatro triângulos paralelos, os de cima e baixo amarelos e os da esquerda e direita verdes. No centro um pequeno círculo vermelho com uma estrela amarela. A bandeira possui borda vermelha, e seis estrelas amarelas nas partes de cima e baixo. Granada
33%
Três listras horizontais, preta, vermelha e verde, divididas por listras brancas. No centro, um escudo vermelho cruzado por duas lanças brancas. Quênia
33%
Três listras horizontais, sendo a do meio amarela e as demais verdes. Na esquerda, um triângulo vermelho. No centro, duas estrelas pretas. São Tomé e Príncipe
33%
Bandeira verde com um triângulo vermelho na esquerda, contornado em preto, dentro de um triângulo amarelo, contornado em branco. Guiana
32%
Cinco listras horizontais, sendo a do meio vermelha e mais grossa, as que a contornam amarelas e mais finas, e as demais azuis. No centro um brasão em forma oval preto e branco com linhas amarelas dos lados. Essuatíni
31%
Bandeira azul-escura com um grande triângulo retângulo amarelo no centro, com seu maior lado para a esquerda e escorado na parte de cima da bandeira. Em volta do lado maior, estrelas brancas. Bósnia e Herzegovina
30%
Cinco listras horizontais, sendo a do meio vermelha e mais grossa que todas, as que a contornam brancas e mais finas, e as das bordas azuis. No centro, perto da esquerda, um círculo branco com uma estrela vermelha dentro. Coreia do Norte
27%
Três listras horizontais, branca, azul e vermelha. No centro, perto da esquerda, um brasão azul com um pico de neve branco. Eslovênia
27%
Cinco listras horizontais, sendo a do meio e as das bordas azuis e as demais brancas. Na esquerda, um triângulo vermelho com uma estrela branca dentro. Cuba
25%
Três listras horizontais, vermelha, branca e verde. Na esquerda, um triângulo azul. No centro um brasão com uma árvore. Guiné Equatorial
25%
Três listras horizontais, verde, branca e vermelha. Na esquerda, um trapézio preto. Kuweit
25%
Três listras verticais, sendo a do meio azul e as demais vermelhas. Na esquerda, uma tocha amarela. Mongólia
23%
Dois triângulos retângulos vermelhos espelhados, formando um triângulo quadrilátero no centro. Este é dividido em preto, azul e branco, e um sol amarelo na parte preta. Antígua e Barbuda
22%
Três listras horizontais, verde-clara, branca e vermelha; e um brasão vermelho no centro. Irã
22%
Bandeira verde com uma listra vertical vermelha e verde. Na parte de cima, uma lua e cinco estrelas brancas. Turcomenistão
17%
Nenhum quiz correspondente encontrado
Distribuição das Pontuações
Porcentagem de Pessoas com Cada Pontuação
Percentil de Números Respondidos
Sua Pontuação Histórica
Você não jogou esse quiz